<?xml version="1.0" encoding="UTF-8"?>
<record
    xmlns:xsi="http://www.w3.org/2001/XMLSchema-instance"
    xsi:schemaLocation="http://www.loc.gov/MARC21/slim http://www.loc.gov/standards/marcxml/schema/MARC21slim.xsd"
    xmlns="http://www.loc.gov/MARC21/slim">

  <leader>01872cam a2200409 a 4500</leader>
  <controlfield tag="001"> 87487 </controlfield>
  <controlfield tag="003">DO-SdBNP</controlfield>
  <controlfield tag="005">20240206094034.0</controlfield>
  <controlfield tag="007"> 87487 </controlfield>
  <controlfield tag="008">110630s2009  mx a   000 0cspa c</controlfield>
  <datafield tag="010" ind1=" " ind2=" ">
    <subfield code="a"> </subfield>
  </datafield>
  <datafield tag="020" ind1=" " ind2=" ">
    <subfield code="a">9786071103055</subfield>
  </datafield>
  <datafield tag="035" ind1=" " ind2=" ">
    <subfield code="a"> </subfield>
  </datafield>
  <datafield tag="040" ind1=" " ind2=" ">
    <subfield code="a">BPMSU</subfield>
    <subfield code="c">spa</subfield>
    <subfield code="d">BPMSU</subfield>
    <subfield code="d"> </subfield>
  </datafield>
  <datafield tag="042" ind1=" " ind2=" ">
    <subfield code="a"> </subfield>
  </datafield>
  <datafield tag="043" ind1=" " ind2=" ">
    <subfield code="a"> </subfield>
  </datafield>
  <datafield tag="050" ind1=" " ind2=" ">
    <subfield code="a"> </subfield>
  </datafield>
  <datafield tag="082" ind1=" " ind2="4">
    <subfield code="a">923.1097291</subfield>
    <subfield code="b">C355C 2009</subfield>
    <subfield code="2"> 22</subfield>
  </datafield>
  <datafield tag="100" ind1="1" ind2=" ">
    <subfield code="a">Castro Ruz, Juanita,</subfield>
    <subfield code="d">1933-</subfield>
  </datafield>
  <datafield tag="245" ind1="1" ind2="0">
    <subfield code="a">Fidel y Ra&#xFA;l mis hermanos :</subfield>
    <subfield code="b">la historia secreta /</subfield>
    <subfield code="c">Juanita Castro;  pr&#xF3;logo Carlos Alberto Montanel </subfield>
  </datafield>
  <datafield tag="246" ind1="1" ind2="3">
    <subfield code="a">Memorias de Juanita Castro contadas a Mar&#xED;a Antonieta Collins.</subfield>
  </datafield>
  <datafield tag="250" ind1=" " ind2=" ">
    <subfield code="a"> </subfield>
  </datafield>
  <datafield tag="260" ind1=" " ind2=" ">
    <subfield code="a">M&#xE9;xico, D.F. :</subfield>
    <subfield code="b">Aguilar,</subfield>
    <subfield code="c">2009.</subfield>
  </datafield>
  <datafield tag="300" ind1=" " ind2=" ">
    <subfield code="a">430 p. ;</subfield>
    <subfield code="c">24 cm.</subfield>
    <subfield code="b"> </subfield>
  </datafield>
  <datafield tag="505" ind1="0" ind2=" ">
    <subfield code="a">Nuevamente en casa -- Lina y Angela -- Una familia de siete hijos --  Fidel y los a&#xF1;os violentos -- La historia comienza -- En camino al Exilio mexicano -- El asalto al cuartel Moncada -- En camino al exilio mexicano -- El secuestro a Fidelito -- Ese personaje llamado "Che" -- La miel del triunfo -- Comienza la guerra -- Una oferta inesperada --Silvando monjitas -- Soy marxista-leninista -- Fin de unos viejos aliados -- Un voleto sin regreso -- La recepci&#xF3;n del exilio --!A di&#xF3;s Donna! -- La vox pop&#xFA;li... voz &#xBF;de qui&#xE9;n? --Yo tambi&#xE9;n tengo mis reflexiones.</subfield>
  </datafield>
  <datafield tag="590" ind1=" " ind2=" ">
    <subfield code="a">Inventariado, 2024/VM</subfield>
  </datafield>
  <datafield tag="600" ind1="1" ind2="4">
    <subfield code="a">Castro, Fidel,  </subfield>
    <subfield code="d">1926-2016</subfield>
    <subfield code="v">Biograf&#xED;as.</subfield>
  </datafield>
  <datafield tag="600" ind1="1" ind2="4">
    <subfield code="a">Castro, Fidel,  </subfield>
    <subfield code="d">1926-2016</subfield>
    <subfield code="x">Pensamiento pol&#xED;tico y social</subfield>
  </datafield>
  <datafield tag="600" ind1="1" ind2="4">
    <subfield code="a">Castro, Ra&#xFA;l,  </subfield>
    <subfield code="d">1931-</subfield>
    <subfield code="x">Vida familiar.  </subfield>
  </datafield>
  <datafield tag="650" ind1=" " ind2="4">
    <subfield code="a">Jefes de Estado  </subfield>
    <subfield code="z">Cuba </subfield>
    <subfield code="v">Biograf&#xED;as</subfield>
  </datafield>
  <datafield tag="651" ind1=" " ind2="4">
    <subfield code="a">Cuba</subfield>
    <subfield code="x">Pol&#xED;tica y gobierno.  </subfield>
    <subfield code="y"> </subfield>
  </datafield>
  <datafield tag="651" ind1=" " ind2="4">
    <subfield code="a">Cuba </subfield>
    <subfield code="x">Historia </subfield>
    <subfield code="y"> Siglo XX</subfield>
  </datafield>
  <datafield tag="700" ind1="1" ind2=" ">
    <subfield code="a">Collins, Mar&#xED;a Antonieta. </subfield>
  </datafield>
  <datafield tag="700" ind1="1" ind2=" ">
    <subfield code="a">Montaner, Carlos Alberto </subfield>
    <subfield code="e">pr&#xF3;logo </subfield>
  </datafield>
  <datafield tag="910" ind1=" " ind2=" ">
    <subfield code="a">VMateo V. Control de calidad. BPMSU</subfield>
  </datafield>
  <datafield tag="942" ind1=" " ind2=" ">
    <subfield code="2">ddc</subfield>
    <subfield code="c">BK</subfield>
  </datafield>
  <datafield tag="952" ind1=" " ind2=" ">
    <subfield code="0">0</subfield>
    <subfield code="1">0</subfield>
    <subfield code="2">ddc</subfield>
    <subfield code="4">0</subfield>
    <subfield code="7">0</subfield>
    <subfield code="8">CG</subfield>
    <subfield code="a">BPMET</subfield>
    <subfield code="b">BPMET</subfield>
    <subfield code="d">2016-08-25</subfield>
    <subfield code="e">ALFAGUARA</subfield>
    <subfield code="l">0</subfield>
    <subfield code="o">BPMSU CG 923.1097291 C355C 2009</subfield>
    <subfield code="p">BPMSU16080219</subfield>
    <subfield code="r">2016-08-25</subfield>
    <subfield code="t">e.2</subfield>
    <subfield code="w">2016-08-25</subfield>
    <subfield code="y">BK</subfield>
  </datafield>
  <datafield tag="952" ind1=" " ind2=" ">
    <subfield code="0">0</subfield>
    <subfield code="1">0</subfield>
    <subfield code="2">ddc</subfield>
    <subfield code="4">0</subfield>
    <subfield code="7">0</subfield>
    <subfield code="8">CG</subfield>
    <subfield code="a">BPMET</subfield>
    <subfield code="b">BPMET</subfield>
    <subfield code="d">2016-08-25</subfield>
    <subfield code="e">ALFAGUARA</subfield>
    <subfield code="l">0</subfield>
    <subfield code="o">BPMSU CG 923.1097291 C355C 2009</subfield>
    <subfield code="p">BPMSU16080220</subfield>
    <subfield code="r">2016-08-25</subfield>
    <subfield code="w">2016-08-25</subfield>
    <subfield code="y">BK</subfield>
  </datafield>
  <datafield tag="999" ind1=" " ind2=" ">
    <subfield code="c">11183</subfield>
    <subfield code="d">11183</subfield>
  </datafield>
</record>
